000 00702nam a22002051a 4500
001 1933
003 OSt
005 20260204211753.0
008 040122s2000||||dr ||||||b||||||||||spa||
020 _a999340120 0
050 _a307.1412 H434p
082 _a307.1412 H434p
100 _aHerrera Rodriguez, Rafael Darío
245 _aPoblación, agrícola y política en mao, 1980 1960 / Rafael Darío Herrera Rodriguez
264 _aSanto Domingo : Comision presidencial de apoyo al desarrollo provincial
300 _a314 p. (colección provincias No 6)
500 _aIncluye bibliiografías
650 _a1.Desarrollo Regional - Mao 2.Desarrollo Rural 3.Provincia - ValverdeÌ
942 _2ddc
_cBK
999 _c1933
_d1933